[Event "DVM U12 2019"]
[Site "Magdeburg GER"]
[Date "2019.12.27"]
[Round "2"]
[White "Udelnov, Valentin"]
[Black "von Mettenheim, Johannes"]
[Result "0-1"]
[Termination "normal"]
[Board "4.1"]
[WhiteElo "1416"]
[BlackElo "1971"]
[WhiteTeam "Schachzwerge Magdeburg"]
[BlackTeam "Schachzentrum Bemerode"]
[PlyCount "118"]
[WhiteFideId "16265734"]
[BlackFideId "16244818"]
[EventCountry "GER"]
[EventRounds "7"]
[EventType "team-swiss"]
[EventDate "2019.12.26"]

1. e4 c6 2. d4 d5 3. exd5 cxd5 4. c4 Nf6 5. Nc3 Nc6 6. Nf3 g6 7. Be2 Bg7 8. O-O
O-O 9. h3 dxc4 10. Bxc4 Na5 11. Bb5 Bd7 12. Bf4 Bxb5 13. Nxb5 Nd5 14. Bh2 a6
15. Nc3 Nxc3 16. bxc3 Rc8 17. Rc1 Bh6 18. Rc2 Nc4 19. Ne5 Qd5 20. Qd3 Rfd8 21.
f4 Nxe5 22. fxe5 Qc4 23. Rf3 Rxd4 24. cxd4 Qxc2 25. d5 Qxa2 26. d6 Qe6 27. Rf1
exd6 28. exd6 Qe3+ 29. Qxe3 Bxe3+ 30. Kh1 Rd8 31. Rd1 Rd7 32. Be5 Bc5 33. Bf6
Rxd6 34. Rf1 Bd4 35. Bh4 Bg7 36. Rc1 Rc6 37. Rd1 Bf6 38. Bg3 b5 39. Rb1 Bg5 40.
Be1 Rc1 41. Rxc1 Bxc1 42. Kg1 Ba3 43. Kf1 f5 44. Ke2 Kf7 45. Kd3 Ke6 46. Kd4
Be7 47. Bd2 Bf6+ 48. Kd3 Kd5 49. g3 Be7 50. h4 Bd6 51. Be1 b4 52. Kc2 Kc4 53.
Bf2 a5 54. Be1 a4 55. Kb2 a3+ 56. Ka2 Be5 57. Bf2 Bb2 58. Be3 b3+ 59. Kb1 Bc3
0-1

[Event "DVM U12 2019"]
[Site "Magdeburg GER"]
[Date "2019.12.27"]
[Round "2"]
[White "Rehbein, Vitus"]
[Black "Herter, Arne"]
[Result "1/2-1/2"]
[Termination "normal"]
[Board "4.2"]
[WhiteElo "1547"]
[BlackElo "1417"]
[WhiteTeam "Schachzentrum Bemerode"]
[BlackTeam "Schachzwerge Magdeburg"]
[PlyCount "42"]
[WhiteFideId "16273427"]
[BlackFideId "16255372"]
[EventCountry "GER"]
[EventRounds "7"]
[EventType "team-swiss"]
[EventDate "2019.12.26"]

1. e4 e5 2. Nf3 Nc6 3. Bc4 Bc5 4. c3 Nf6 5. d3 d6 6. b4 Bb6 7. a4 a5 8. b5 Ne7
9. Nbd2 O-O 10. O-O Be6 11. Re1 Bxc4 12. Nxc4 Nd7 13. Be3 f5 14. Qb3 Kh8 15.
Bxb6 cxb6 16. Nxd6 Nc5 17. Nf7+ Kg8 18. Nh6+ Kh8 19. Nf7+ Kg8 20. Nh6+ Kh8 21.
Nf7+ Kg8 1/2-1/2

[Event "DVM U12 2019"]
[Site "Magdeburg GER"]
[Date "2019.12.27"]
[Round "2"]
[White "Petzold, Johannes Julius"]
[Black "Strübel, Tobias"]
[Result "0-1"]
[Termination "normal"]
[Board "4.3"]
[WhiteElo "1449"]
[BlackElo "1379"]
[WhiteTeam "Schachzwerge Magdeburg"]
[BlackTeam "Schachzentrum Bemerode"]
[PlyCount "70"]
[WhiteFideId "16289455"]
[BlackFideId "16284860"]
[EventCountry "GER"]
[EventRounds "7"]
[EventType "team-swiss"]
[EventDate "2019.12.26"]

1. e4 e5 2. Nf3 Nc6 3. Bc4 Nd4 4. Nxd4 exd4 5. c3 Bc5 6. O-O Qg5 7. Qb3 Qg6 8.
Re1 d6 9. cxd4 Bxd4 10. Bxf7+ Qxf7 11. Qa4+ Bd7 12. Qxd4 Ne7 13. Qb4 O-O 14.
Qb3 Be6 15. Qg3 Nc6 16. Nc3 Nd4 17. b3 Nc2 18. Bb2 Nxa1 19. Bxa1 Qd7 20. d4 Qe7
21. d5 Bd7 22. Ne2 Rf7 23. Nd4 Raf8 24. f3 Qd8 25. e5 dxe5 26. Rxe5 Re8 27. Rh5
Ree7 28. Bc3 Qe8 29. Qh4 h6 30. Bb4 g5 31. Qg3 c5 32. dxc6 bxc6 33. Bxe7 Rxe7
34. Rxh6 Re1+ 35. Kf2 Qe3# 0-1

[Event "DVM U12 2019"]
[Site "Magdeburg GER"]
[Date "2019.12.27"]
[Round "2"]
[White "Schön, Florian"]
[Black "Gold, Jan Christian"]
[Result "1/2-1/2"]
[Termination "normal"]
[Board "5.1"]
[WhiteElo "1713"]
[BlackElo "1527"]
[WhiteTeam "BSG Grün-Weiß Leipzig e. V."]
[BlackTeam "SK Bad Homburg 1927"]
[PlyCount "183"]
[WhiteFideId "16259394"]
[BlackFideId "16298128"]
[EventCountry "GER"]
[EventRounds "7"]
[EventType "team-swiss"]
[EventDate "2019.12.26"]

1. e4 e6 2. d4 d5 3. Nc3 Bb4 4. exd5 exd5 5. Bd3 Nf6 6. Bg5 O-O 7. Nge2 Bg4 8.
O-O Nc6 9. f3 Be6 10. a3 Be7 11. f4 Bg4 12. h3 Bxe2 13. Nxe2 Nh5 14. Bxe7 Qxe7
15. c3 Rfe8 16. f5 Qe3+ 17. Kh2 Qg5 18. Qc1 Re3 19. Rf3 Rae8 20. Qd2 h6 21.
Raf1 Rxf3 22. Qxg5 Rxh3+ 23. gxh3 hxg5 24. Ng3 Nxg3 25. Kxg3 Re3+ 26. Rf3 Re1
27. Rf2 Ne7 28. Kg4 Rg1+ 29. Kf3 Rh1 30. Kg4 Rd1 31. Bc2 Rg1+ 32. Kf3 b6 33.
Re2 Kf8 34. Rg2 Rh1 35. Kg4 f6 36. Bb3 Rf1 37. Bc2 Rf4+ 38. Kg3 Nxf5+ 39. Bxf5
Rxf5 40. Re2 Kf7 41. Kg4 Rf4+ 42. Kg3 Re4 43. Rf2 c5 44. dxc5 bxc5 45. Rd2 d4
46. cxd4 cxd4 47. a4 Ke6 48. a5 Kd5 49. Kf3 Re3+ 50. Kg4 Ke4 51. b4 Rb3 52.
Re2+ Kd3 53. Re7 Rxb4 54. Rxa7 Kc2 55. Rc7+ Kd1 56. a6 d3+ 57. Kf3 d2 58. a7
Ra4 59. Rxg7 f5 60. Re7 Ra3+ 61. Kf2 Ra2 62. Kg3 Ra3+ 63. Kf2 f4 64. Rc7 Ra2
65. Kf3 Ke1 66. Re7+ Kf1 67. Rd7 Ra3+ 68. Kg4 Ke1 69. Re7+ Re3 70. Rd7 Ra3 71.
Re7+ Kf2 72. Rd7 Rxa7 73. Rxd2+ Ke3 74. Rd8 Kf2 75. Rd2+ Ke3 76. Rd8 f3 77.
Re8+ Kf2 78. Rf8 Ra4+ 79. Kxg5 Kg2 80. h4 Kg3 81. h5 Rg4+ 82. Kh6 f2 83. Kh7
Kg2 84. h6 Rg3 85. Kh8 Rf3 86. Rxf3 Kxf3 87. h7 f1=Q 88. Kg8 Qc4+ 89. Kg7 Qd4+
90. Kg8 Qd5+ 91. Kg7 Kg4 92. h8=Q 1/2-1/2

[Event "DVM U12 2019"]
[Site "Magdeburg GER"]
[Date "2019.12.27"]
[Round "2"]
[White "Negru, Maximilian"]
[Black "Englert, Luca"]
[Result "0-1"]
[Termination "normal"]
[Board "5.2"]
[WhiteElo "1267"]
[BlackElo "1632"]
[WhiteTeam "SK Bad Homburg 1927"]
[BlackTeam "BSG Grün-Weiß Leipzig e. V."]
[PlyCount "78"]
[WhiteFideId "16298136"]
[BlackFideId "16293088"]
[EventCountry "GER"]
[EventRounds "7"]
[EventType "team-swiss"]
[EventDate "2019.12.26"]

1. e4 e5 2. Nf3 Nc6 3. Bc4 Bc5 4. c3 Nf6 5. d4 exd4 6. cxd4 Bb4+ 7. Bd2 Bxd2+
8. Nbxd2 O-O 9. O-O d5 10. exd5 Nxd5 11. Re1 Bg4 12. Be2 Nf4 13. Nb3 Re8 14. d5
Nxe2+ 15. Rxe2 Rxe2 16. Qxe2 Qxd5 17. Rd1 Bxf3 18. Qxf3 Qxf3 19. gxf3 Rd8 20.
Re1 f6 21. Nc5 Ne5 22. Kg2 b6 23. Ne6 Rd2 24. f4 Nd3 25. Re3 Nxf2 26. Kf3 c5
27. Nd8 Rxd8 28. Kxf2 Rd2+ 29. Re2 Rxe2+ 30. Kxe2 Kf7 31. Kd3 Ke6 32. Ke4 f5+
33. Kd3 Kd5 34. h3 b5 35. a3 a5 36. b3 h6 37. h4 h5 38. Ke3 c4 39. bxc4+ Kxc4
0-1

[Event "DVM U12 2019"]
[Site "Magdeburg GER"]
[Date "2019.12.27"]
[Round "2"]
[White "Vecera, Fabio"]
[Black "Mandalka, Justus"]
[Result "1-0"]
[Termination "normal"]
[Board "5.3"]
[WhiteElo "1529"]
[BlackElo "1220"]
[WhiteTeam "BSG Grün-Weiß Leipzig e. V."]
[BlackTeam "SK Bad Homburg 1927"]
[PlyCount "75"]
[WhiteFideId "16281705"]
[BlackFideId "16298144"]
[EventCountry "GER"]
[EventRounds "7"]
[EventType "team-swiss"]
[EventDate "2019.12.26"]

1. d4 d5 2. e3 c5 3. c4 e6 4. Nf3 Nc6 5. Nc3 Nf6 6. b3 Be7 7. Bb2 O-O 8. Be2
Qa5 9. O-O Bd7 10. dxc5 Qxc5 11. Rc1 Rad8 12. cxd5 Nxd5 13. Nxd5 exd5 14. Rxc5
Bxc5 15. Bb5 Be6 16. Bxc6 bxc6 17. b4 Bd6 18. Ne5 Rc8 19. f4 f6 20. Nd3 Rb8 21.
a3 Bf5 22. g4 Be4 23. Bd4 a5 24. Bc5 Bxc5 25. Nxc5 Rfd8 26. Nxe4 dxe4 27. Qb3+
Rd5 28. Rd1 Rbb5 29. Rxd5 cxd5 30. a4 Rxb4 31. Qxd5+ Kf8 32. Qa8+ Kf7 33. Qxa5
Rb1+ 34. Kg2 Rb2+ 35. Kg3 Re2 36. Qc7+ Kg6 37. Qc5 Ra2 38. Qh5# 1-0

[Event "DVM U12 2019"]
[Site "Magdeburg GER"]
[Date "2019.12.27"]
[Round "2"]
[White "Radutny, Alexej"]
[Black "Widmann, Maximilian"]
[Result "0-1"]
[Termination "normal"]
[Board "5.4"]
[WhiteElo "1045"]
[BlackElo "1592"]
[WhiteTeam "SK Bad Homburg 1927"]
[BlackTeam "BSG Grün-Weiß Leipzig e. V."]
[PlyCount "92"]
[WhiteFideId "16298152"]
[BlackFideId "16281691"]
[EventCountry "GER"]
[EventRounds "7"]
[EventType "team-swiss"]
[EventDate "2019.12.26"]

1. d4 d5 2. c4 c6 3. cxd5 cxd5 4. Bf4 Bf5 5. Nc3 e6 6. e3 Nc6 7. Nf3 Nf6 8. Bb5
Bb4 9. Ne5 Qb6 10. Qa4 Bxc3+ 11. bxc3 Rc8 12. Rb1 Bxb1 13. Qb4 a6 14. Bxc6+
Rxc6 15. Nxc6 Qxc6 16. Qxb1 Qxc3+ 17. Ke2 Qc4+ 18. Kf3 O-O 19. Rc1 Ne4 20. Rc2
h6 21. Rxc4 Nd2+ 22. Ke2 Nxb1 23. Rc1 g5 24. Bg3 b5 25. Rxb1 Rc8 26. Kf3 Rc2
27. a4 bxa4 28. Ra1 Rc4 29. Ra3 Rb4 30. h3 Kg7 31. Bd6 Rc4 32. g3 f6 33. h4 Kg6
34. Ra1 h5 35. Ba3 g4+ 36. Kg2 Kf5 37. Rd1 Ke4 38. Bb2 Rc2 39. Ba3 Ra2 40. Bb4
Rb2 41. Bc3 Rb3 42. Ba1 a3 43. Rf1 a2 44. Rc1 Rb1 45. Rf1 f5 46. f4 Kxe3 0-1

[Event "DVM U12 2019"]
[Site "Magdeburg GER"]
[Date "2019.12.27"]
[Round "2"]
[White "Bock, Marlon"]
[Black "Robelly, David"]
[Result "1-0"]
[Termination "normal"]
[Board "6.1"]
[WhiteElo "1708"]
[BlackElo "1289"]
[WhiteTeam "SSV Vimaria 91 Weimar"]
[BlackTeam "SC Wolfratshausen 1948 e.V."]
[PlyCount "45"]
[WhiteFideId "16244931"]
[BlackFideId "16236300"]
[EventCountry "GER"]
[EventRounds "7"]
[EventType "team-swiss"]
[EventDate "2019.12.26"]

1. d4 d6 2. Nf3 f5 3. e3 Nf6 4. b3 e6 5. Bb2 Be7 6. Bd3 O-O 7. O-O Qe8 8. Nbd2
Bd8 9. Re1 Nc6 10. e4 fxe4 11. Nxe4 e5 12. dxe5 Nxe5 13. Nxe5 dxe5 14. Ba3 Nxe4
15. Bxf8 Nxf2 16. Bc4+ Kh8 17. Bxg7+ Kxg7 18. Kxf2 b5 19. Bd5 c6 20. Bf3 b4 21.
Kg1 Bb6+ 22. Kh1 Bd4 23. Qxd4 1-0

[Event "DVM U12 2019"]
[Site "Magdeburg GER"]
[Date "2019.12.27"]
[Round "2"]
[White "Pichl, Christoph"]
[Black "Krömer, Emanuel"]
[Result "1/2-1/2"]
[Termination "normal"]
[Board "6.2"]
[WhiteElo "1565"]
[BlackElo "1459"]
[WhiteTeam "SC Wolfratshausen 1948 e.V."]
[BlackTeam "SSV Vimaria 91 Weimar"]
[PlyCount "85"]
[WhiteFideId "16249739"]
[BlackFideId "16287070"]
[EventCountry "GER"]
[EventRounds "7"]
[EventType "team-swiss"]
[EventDate "2019.12.26"]

1. d4 d5 2. Bf4 e6 3. e3 Bd6 4. Bg3 Nf6 5. Nf3 Nbd7 6. Bd3 O-O 7. Nbd2 Qe7 8.
Ne5 c5 9. c3 Nb8 10. O-O b6 11. Qe2 Bb7 12. f4 Ne4 13. Nxe4 dxe4 14. Bc2 Nd7
15. Rad1 Rad8 16. Qf2 f5 17. Ba4 Nf6 18. Bh4 Qc7 19. Qe2 a6 20. g4 b5 21. Bb3
c4 22. Bc2 Rc8 23. g5 Nd5 24. a3 g6 25. Bg3 Rcd8 26. h4 Kg7 27. Rfe1 Qe7 28.
Kf2 Rh8 29. h5 Nb6 30. Rh1 Bd5 31. Rh2 Bxe5 32. dxe5 Qc5 33. hxg6 hxg6 34. Rdh1
Rxh2+ 35. Rxh2 Rh8 36. Rxh8 Kxh8 37. Qe1 Qf8 38. Qh1+ Kg8 39. Qb1 Kf7 40. Qh1
Qg7 41. Kg2 Ke8 42. Qd1 Qd7 43. Bf2 1/2-1/2

[Event "DVM U12 2019"]
[Site "Magdeburg GER"]
[Date "2019.12.27"]
[Round "2"]
[White "Bock, Leonas"]
[Black "Neuwirth, Mark"]
[Result "0-1"]
[Termination "normal"]
[Board "6.3"]
[WhiteElo "1226"]
[BlackElo "1314"]
[WhiteTeam "SSV Vimaria 91 Weimar"]
[BlackTeam "SC Wolfratshausen 1948 e.V."]
[PlyCount "64"]
[WhiteFideId "16287118"]
[BlackFideId "16244958"]
[EventCountry "GER"]
[EventRounds "7"]
[EventType "team-swiss"]
[EventDate "2019.12.26"]

1. d4 Nf6 2. Nf3 e6 3. e3 b6 4. Bd3 Bb7 5. O-O d6 6. Nbd2 Nbd7 7. b3 Be7 8. Bb2
O-O 9. Qe2 c5 10. c3 Qc7 11. Rac1 a5 12. a4 d5 13. Rfe1 Bd6 14. c4 Rfe8 15. Rc2
Nb8 16. Rec1 Na6 17. Ba3 cxd4 18. Bxd6 Qxd6 19. exd4 Nb4 20. Rb2 Rac8 21. Bb1
dxc4 22. Rxc4 Ba6 23. Qe3 Bxc4 24. bxc4 Rc7 25. h3 Nd7 26. Ne1 e5 27. d5 Qc5
28. Qxc5 Nxc5 29. g4 e4 30. Rb3 Nxb3 31. Nxb3 Rxc4 32. Ng2 Nxd5 0-1

[Event "DVM U12 2019"]
[Site "Magdeburg GER"]
[Date "2019.12.27"]
[Round "2"]
[White "Schreck, Leo"]
[Black "Stadelmann, Constantin"]
[Result "0-1"]
[Termination "normal"]
[Board "6.4"]
[WhiteElo "1190"]
[BlackElo "1295"]
[WhiteTeam "SC Wolfratshausen 1948 e.V."]
[BlackTeam "SSV Vimaria 91 Weimar"]
[PlyCount "68"]
[WhiteFideId "16279468"]
[BlackFideId "16297970"]
[EventCountry "GER"]
[EventRounds "7"]
[EventType "team-swiss"]
[EventDate "2019.12.26"]

1. d4 d5 2. c4 e6 3. Nc3 f5 4. Nf3 Nf6 5. Bg5 Be7 6. e3 h6 7. Bh4 c6 8. Bg3 O-O
9. Bd3 Bd7 10. Ne5 Be8 11. O-O Nbd7 12. f3 Bd6 13. c5 Bc7 14. Qc2 Nh5 15. Bf4
g5 16. Nxd7 Qxd7 17. Bxc7 Qxc7 18. e4 Bg6 19. e5 Kh8 20. Ne2 Rg8 21. g4 Ng7 22.
f4 Qe7 23. fxg5 Qxg5 24. Rf4 Raf8 25. Kh1 h5 26. Rg1 hxg4 27. h3 Qh4 28. Rg2
Bh7 29. Rh2 Nh5 30. hxg4 Qe1+ 31. Ng1 Nxf4 32. Qb1 Qg3 33. Ne2 Qf3+ 34. Kg1
Rxg4+ 0-1

[Event "DVM U12 2019"]
[Site "Magdeburg GER"]
[Date "2019.12.27"]
[Round "2"]
[White "Kiefhaber, Tobias"]
[Black "Makarov, Mark Alexander"]
[Result "1/2-1/2"]
[Termination "normal"]
[Board "7.2"]
[WhiteElo "1483"]
[BlackElo "1243"]
[WhiteTeam "Karlsruher SF 1853"]
[BlackTeam "SV Multatuli Ingelheim e.V."]
[PlyCount "68"]
[WhiteFideId "16240693"]
[BlackFideId "16298055"]
[EventCountry "GER"]
[EventRounds "7"]
[EventType "team-swiss"]
[EventDate "2019.12.26"]

1. d4 Nf6 2. Nf3 d5 3. Bf4 Bf5 4. e3 a6 5. c4 c6 6. Nc3 e6 7. Be2 Bb4 8. Qb3
Bxc3+ 9. bxc3 b5 10. cxb5 axb5 11. a4 Ne4 12. O-O bxa4 13. Qb7 Nd7 14. Qxc6 O-O
15. Bd3 Rc8 16. Qxa4 Nxc3 17. Qc2 Ne4 18. Qe2 g5 19. Bxe4 dxe4 20. Nxg5 f6 21.
Nh3 Kh8 22. Bg3 Rg8 23. Ra7 Bg4 24. Qa2 h5 25. Kh1 Bxh3 26. gxh3 Qe7 27. d5 e5
28. Rb1 Qg7 29. h4 f5 30. Rbb7 Rc1+ 31. Kg2 Qg4 32. Rxd7 Qf3+ 33. Kh3 Qg4+ 34.
Kg2 Qf3+ 1/2-1/2

[Event "DVM U12 2019"]
[Site "Magdeburg GER"]
[Date "2019.12.27"]
[Round "2"]
[White "Stiehl, Richard"]
[Black "Liu, Leon"]
[Result "1-0"]
[Termination "normal"]
[Board "7.3"]
[WhiteElo "1171"]
[BlackElo "1344"]
[WhiteTeam "SV Multatuli Ingelheim e.V."]
[BlackTeam "Karlsruher SF 1853"]
[PlyCount "103"]
[WhiteFideId "16298063"]
[BlackFideId "16275047"]
[EventCountry "GER"]
[EventRounds "7"]
[EventType "team-swiss"]
[EventDate "2019.12.26"]

1. e4 c6 2. d4 d5 3. Nc3 dxe4 4. Nxe4 Bf5 5. Nc3 e6 6. Nf3 Nf6 7. Bf4 Bb4 8.
Bd2 O-O 9. Be2 Bg4 10. O-O Bxf3 11. Bxf3 Qxd4 12. Qe1 Rd8 13. Rd1 Qc4 14. a3
Bxc3 15. Bxc3 Rxd1 16. Qxd1 Nbd7 17. Qd2 Nc5 18. Rd1 h6 19. Bxf6 gxf6 20. Qxh6
Qxc2 21. Qxf6 Ne4 22. Qh4 Nd2 23. Qg5+ Qg6 24. Qxg6+ fxg6 25. Rxd2 b5 26. Bxc6
Rc8 27. Rc2 a5 28. Be4 Rxc2 29. Bxc2 Kf7 30. Kf1 e5 31. Ke2 g5 32. b4 axb4 33.
axb4 Ke6 34. Ke3 Kd5 35. Bb3+ Kd6 36. Ke4 g4 37. g3 Ke7 38. Kxe5 Kf8 39. Kd5
Kg7 40. Kc5 Kg6 41. Kxb5 Kg5 42. Kc5 Kf5 43. b5 Ke4 44. b6 Kf3 45. b7 Kxf2 46.
b8=Q Kg2 47. Qg8 Kh3 48. Bc4 Kg2 49. Qxg4 Kxh2 50. Bf1 Kg1 51. Qf3 Kh2 52. Qg2#
1-0

[Event "DVM U12 2019"]
[Site "Magdeburg GER"]
[Date "2019.12.27"]
[Round "2"]
[White "Uhlmann, Tim"]
[Black "Kliffken, Julian"]
[Result "1/2-1/2"]
[Termination "normal"]
[Board "8.1"]
[WhiteElo "1446"]
[BlackElo "1476"]
[WhiteTeam "SF Neureut 1953 e.V."]
[BlackTeam "Schachgemeinschaft Porz e. V."]
[PlyCount "110"]
[WhiteFideId "16239210"]
[BlackFideId "16298071"]
[EventCountry "GER"]
[EventRounds "7"]
[EventType "team-swiss"]
[EventDate "2019.12.26"]

1. e4 c5 2. Nf3 Nc6 3. d4 cxd4 4. Nxd4 Qb6 5. Nxc6 dxc6 6. Nc3 e6 7. Be2 Bc5 8.
O-O Nf6 9. Na4 Qa5 10. Nxc5 Qxc5 11. Be3 Qe7 12. Bg5 h6 13. Bh4 g5 14. Bg3 Nxe4
15. Qd4 O-O 16. Qxe4 f5 17. Qe5 f4 18. Bd3 fxg3 19. fxg3 Bd7 20. Qe4 Qg7 21.
Rxf8+ Rxf8 22. Rf1 Rxf1+ 23. Kxf1 Qf6+ 24. Kg1 Kf7 25. c3 e5 26. h4 gxh4 27.
gxh4 a6 28. Qh7+ Qg7 29. Qxg7+ Kxg7 30. Kf2 Kf6 31. Kf3 h5 32. a4 Bf5 33. Be4
a5 34. b4 axb4 35. cxb4 Ke6 36. Ke3 Bxe4 37. Kxe4 Kf6 38. b5 cxb5 39. axb5 Ke6
40. g3 b6 41. Kd3 Kd5 42. Ke3 e4 43. g4 hxg4 44. h5 Ke5 45. h6 Kf6 46. h7 Kg7
47. Kxe4 Kxh7 48. Kf4 g3 49. Kxg3 Kg6 50. Kg4 Kf6 51. Kf4 Ke6 52. Ke4 Kd6 53.
Kd4 Ke6 54. Ke4 Kd6 55. Kd4 Ke6 1/2-1/2

[Event "DVM U12 2019"]
[Site "Magdeburg GER"]
[Date "2019.12.27"]
[Round "2"]
[White "Dasselaar, Hendrik"]
[Black "Wegener, Moritz"]
[Result "1-0"]
[Termination "normal"]
[Board "8.3"]
[WhiteElo "1133"]
[BlackElo "1226"]
[WhiteTeam "SF Neureut 1953 e.V."]
[BlackTeam "Schachgemeinschaft Porz e. V."]
[PlyCount "109"]
[WhiteFideId "16259297"]
[BlackFideId "16298080"]
[EventCountry "GER"]
[EventRounds "7"]
[EventType "team-swiss"]
[EventDate "2019.12.26"]

1. d4 c5 2. d5 d6 3. c4 g6 4. Bd2 Bg7 5. Bc3 Nf6 6. Nf3 Bd7 7. h3 b6 8. e3 O-O
9. Bd3 e6 10. O-O Qc7 11. Re1 exd5 12. cxd5 Nxd5 13. Bxg7 Kxg7 14. Be4 Nc6 15.
Bxd5 Rad8 16. Nc3 Nb4 17. a3 Nxd5 18. Nxd5 Qb7 19. Qd3 Bf5 20. Qc3+ f6 21. e4
Bxe4 22. Rxe4 Qxd5 23. Rae1 Rd7 24. Qc4 Qf5 25. Qb5 Rff7 26. Qd3 d5 27. R4e3
Qxd3 28. Rxd3 Rf8 29. Rde3 Rff7 30. Re8 Rf8 31. R1e7+ Rxe7 32. Rxe7+ Rf7 33.
Rxf7+ Kxf7 34. Kf1 Ke6 35. Ke2 d4 36. Kd3 Kd5 37. b3 b5 38. Nd2 a5 39. a4 Kc6
40. Ne4 c4+ 41. Kxd4 cxb3 42. axb5+ Kxb5 43. Kc3 Ka4 44. Nc5+ Ka3 45. Nxb3 a4
46. Nd4 Ka2 47. Ne6 a3 48. Kc2 Ka1 49. Nf8 a2 50. Nxh7 g5 51. Nf8 g4 52. Ne6 g3
53. fxg3 f5 54. Nd4 f4 55. Nb3# 1-0

[Event "DVM U12 2019"]
[Site "Magdeburg GER"]
[Date "2019.12.27"]
[Round "2"]
[White "Bröcker, David"]
[Black "Tang, Shunjie Roger"]
[Result "1-0"]
[Termination "normal"]
[Board "8.4"]
[WhiteElo "1168"]
[BlackElo "1280"]
[WhiteTeam "Schachgemeinschaft Porz e. V."]
[BlackTeam "SF Neureut 1953 e.V."]
[PlyCount "91"]
[WhiteFideId "16298098"]
[BlackFideId "16298004"]
[EventCountry "GER"]
[EventRounds "7"]
[EventType "team-swiss"]
[EventDate "2019.12.26"]

1. e4 c5 2. d4 cxd4 3. c3 d6 4. Nf3 g6 5. cxd4 Bg7 6. Bc4 e6 7. Nc3 Ne7 8. O-O
O-O 9. d5 e5 10. Nh4 Bd7 11. f4 Nc8 12. Nf3 Bg4 13. fxe5 Bxe5 14. Qb3 Bxf3 15.
Rxf3 Qb6+ 16. Qxb6 Nxb6 17. Bb3 Bg7 18. Bf4 Be5 19. Nb5 Rc8 20. Bxe5 dxe5 21.
Nd6 Rc7 22. Nb5 Rc8 23. d6 N8d7 24. Rxf7 Kh8 25. Be6 Rd8 26. Rc1 Nf8 27. Rcc7
Nxe6 28. Rxb7 Ng5 29. Rfe7 Re8 30. Nc7 Rxe7 31. dxe7 Rc8 32. e8=Q+ Rxe8 33.
Nxe8 Nxe4 34. Rxa7 Nc5 35. Nf6 Nbd7 36. Nxd7 Ne6 37. Nxe5 Kg8 38. b4 Nd4 39. a4
Ne2+ 40. Kf2 Nf4 41. b5 Nd5 42. Rd7 Nc3 43. b6 Ne4+ 44. Ke1 Nc5 45. b7 Na6 46.
Nc6 1-0

[Event "DVM U12 2019"]
[Site "Magdeburg GER"]
[Date "2019.12.27"]
[Round "2"]
[White "Pick, Max"]
[Black "Hoffmann, Kay"]
[Result "0-1"]
[Termination "normal"]
[Board "9.1"]
[WhiteElo "1635"]
[BlackElo "1621"]
[WhiteTeam "Schachklub Kerpen 64 e. V."]
[BlackTeam "Barnimer Schachfreunde im SV Stahl Finow e.V."]
[PlyCount "108"]
[WhiteFideId "16210883"]
[BlackFideId "16227000"]
[EventCountry "GER"]
[EventRounds "7"]
[EventType "team-swiss"]
[EventDate "2019.12.26"]

1. d4 Nf6 2. c4 g6 3. Nc3 Bg7 4. Nf3 O-O 5. Bg5 d6 6. e3 Nc6 7. Be2 h6 8. Bxf6
Bxf6 9. O-O e5 10. dxe5 Nxe5 11. Qc2 Bf5 12. e4 Be6 13. Nd5 Bg7 14. Rad1 Re8
15. Rd2 f5 16. Nd4 Bxd5 17. exd5 Qd7 18. Ne6 c6 19. Qa4 a6 20. Qa5 Bf6 21. Qc7
cxd5 22. Qxd7 Nxd7 23. Nf4 Bg5 24. g3 Bxf4 25. gxf4 Rac8 26. Bf3 Nf6 27. Bxd5+
Nxd5 28. Rxd5 Rxc4 29. Rxd6 Kf7 30. Rb6 Re7 31. Rd1 Rxf4 32. h3 Rfe4 33. Rdd6
R4e6 34. Rxe6 Rxe6 35. Rxb7+ Kf6 36. b4 Kg5 37. a4 Kh4 38. Kg2 g5 39. b5 Re4
40. Rb6 h5 41. Rxa6 g4 42. hxg4 hxg4 43. a5 Re2 44. Ra7 f4 45. Kf1 Rb2 46. b6
f3 47. Re7 Rb5 48. b7 Rb1+ 49. Re1 Rxb7 50. Ra1 g3 51. fxg3+ Kxg3 52. Kg1 Rb2
53. a6 Rg2+ 54. Kf1 Rh2 0-1

[Event "DVM U12 2019"]
[Site "Magdeburg GER"]
[Date "2019.12.27"]
[Round "2"]
[White "Hartl, Jan"]
[Black "Studzinski, Bruno"]
[Result "0-1"]
[Termination "normal"]
[Board "9.3"]
[WhiteElo "1186"]
[BlackElo "1244"]
[WhiteTeam "Schachklub Kerpen 64 e. V."]
[BlackTeam "Barnimer Schachfreunde im SV Stahl Finow e.V."]
[PlyCount "116"]
[WhiteFideId "16258460"]
[BlackFideId "16296478"]
[EventCountry "GER"]
[EventRounds "7"]
[EventType "team-swiss"]
[EventDate "2019.12.26"]

1. e4 d5 2. d3 dxe4 3. dxe4 Qxd1+ 4. Kxd1 Nf6 5. Nc3 e6 6. Nf3 Bc5 7. Ke1 O-O
8. Bg5 Nbd7 9. Bc4 h6 10. Bh4 b6 11. Rd1 Bb7 12. Ke2 Bc6 13. Rhe1 g5 14. Bg3
Ne8 15. Kf1 Nd6 16. Ne5 Nxe5 17. Bxe5 Nxc4 18. Bf6 Nxb2 19. Rd2 Nc4 20. Rd3
Rfe8 21. Rg3 Be7 22. Bd4 Rad8 23. Rd1 Bc5 24. Bf6 Rxd1+ 25. Nxd1 Nd2+ 26. Ke2
Nxe4 27. Rf3 Nxf6 28. Rxf6 Kg7 29. Rf3 Bxf3+ 30. Kxf3 Rd8 31. Ne3 Bxe3 32. Kxe3
Rd1 33. Ke2 Ra1 34. Kd2 Rxa2 35. Kd3 Kf6 36. Kd2 Ke5 37. Ke3 Rxc2 38. h3 Rc3+
39. Kd2 Ra3 40. Kc2 Ra2+ 41. Kd3 Rxf2 42. Ke3 Rxg2 43. Kf3 Ra2 44. h4 Kf5 45.
Kg3 Ra3+ 46. Kf2 gxh4 47. Ke2 Ke4 48. Kf2 Rb3 49. Kg2 Kf4 50. Kh2 Kg4 51. Kg1
Rb2 52. Kf1 Kf3 53. Ke1 Rh2 54. Kd1 Ke3 55. Kc1 Kd3 56. Kb1 Kc3 57. Ka1 Kb3 58.
Kb1 Rh1# 0-1

[Event "DVM U12 2019"]
[Site "Magdeburg GER"]
[Date "2019.12.27"]
[Round "2"]
[White "Menne, Lukas"]
[Black "Ilhan, Kiwan Noah"]
[Result "1-0"]
[Termination "normal"]
[Board "9.4"]
[WhiteElo "1054"]
[BlackElo "912"]
[WhiteTeam "Barnimer Schachfreunde im SV Stahl Finow e.V."]
[BlackTeam "Schachklub Kerpen 64 e. V."]
[PlyCount "109"]
[WhiteFideId "16288467"]
[BlackFideId "16298110"]
[EventCountry "GER"]
[EventRounds "7"]
[EventType "team-swiss"]
[EventDate "2019.12.26"]

1. d4 d5 2. Bf4 Nf6 3. e3 Bf5 4. Nf3 Nc6 5. Nbd2 e6 6. c4 dxc4 7. Nxc4 Bb4+ 8.
Ncd2 Bg4 9. Be2 Ne4 10. O-O Bxf3 11. Bxf3 Nxd2 12. Re1 Nxf3+ 13. Qxf3 Bxe1 14.
Rxe1 Qd5 15. Qg3 g6 16. Bxc7 Nb4 17. Bd6 Nc2 18. Rf1 Rc8 19. Rc1 Qxa2 20. Qh4
Kd7 21. Qe7+ Kc6 22. Rxc2+ Kb6 23. Bc5+ Rxc5 24. Qxc5+ Ka6 25. Qc4+ Qxc4 26.
Rxc4 b5 27. Rc7 Rf8 28. Kf1 Kb6 29. Rc1 f6 30. b4 a5 31. bxa5+ Kxa5 32. Ke2 e5
33. d5 Rd8 34. e4 f5 35. f3 b4 36. Kd2 Ka4 37. Kc2 Rc8+ 38. Kb2 Rb8 39. Ra1+
Kb5 40. Kb3 Rc8 41. Ra7 Rc3+ 42. Kb2 Rd3 43. Rd7 Rd2+ 44. Kb3 Rd3+ 45. Kc2 Rc3+
46. Kb2 Rd3 47. d6 Rd2+ 48. Kb3 Rd3+ 49. Kc2 Rc3+ 50. Kb2 Rd3 51. Rd8 Kc6 52.
Rb8 Rxd6 53. Rxb4 Rd2+ 54. Kc3 fxe4 55. Kxd2 1-0